000 03119nam a22004817a 4500
005 20080927154840.0
008 080927t xxu||||| |||| 00| f eng d
010 _aB-310644-650
020 _a9780330316118
_c£4.99 382.23
020 _c395.00
035 _aB-310644-650
035 _aB-359016
037 _bGDMK
040 _adpl
_bEnglish
082 _aN
100 _aAdams, Douglas
245 _aThe hitchhiker's guide to the galaxy :
_cby Douglas Adams
_ba trilogy in four parts /
260 _aLondon
_bPan Books
_c1992
270 _a20 New Wharf Road
_bLondon
_eN1 9RR
300 _a590 p.
_c21 cm. (pbk)
490 _aThe Hitchhiker series
505 _aAfterword: How it came to be : The hitchhiker's guide to the galaxy feature film / by Robbie Stamp.
650 _aPrefect, Ford (Fictitious character)
_vFiction
650 _aDent, Arthur (Fictitious character)
_vFiction
655 _aHumorous fiction.
_2gsafd
655 _aScience fiction.
_2gsafd
700 _aStamp, Robbie.
_bThe hitchhiker's guide to the galaxy feature film.
_tHow it came to be
740 _aHow it came to be
856 _3Contributor biographical information
_uhttp://www.loc.gov/catdir/enhancements/fy0665/2004116279-b.html
856 _3Publisher description
_uhttp://www.loc.gov/catdir/enhancements/fy0665/2004116279-d.html
942 _2ddc
_cEN
_hN
_mADA
999 _c15870
_d15870